000 00800nam a22002177a 4500
999 _c4548
_d4548
003 AR-CdUCM
008 190308b ||||| |||| 00| 0 spa d
040 _aMUNICIPALIDAD PROVINCIAL DEL CUSCO
_cBIBLIOTECA MUNICIPAL DEL CUSCO
041 _hale
082 _a960 7 /
_bJ22
100 _aJaeger, Fritz
_914229
245 _aAfrica compendio de geografia :
_bEl territorio /
260 _aMexico :
_bHispano Americano,
_c1964.
300 _a222 paginas ;
_c17 cm.
505 _aEl clima de África -- La temperatura -- Estructura y configuración del suelo Africano -- División del África según el relieve -- El manto edafologico en África y su erosión ...
650 _aAfrica
_91289
650 _aCiencias Naturales
_910176
650 _aBiologia
_9881
942 _2ddc
_cLIBROS
945 _aacv